Lapisan ozon

Bibliographic Details
Main Author: Hare, Tony
Format: Book
Published: Johor Bahru : Penerbit Pelangi , 1992
Series:Siri Selamatkan Bumi Kita
Subjects:

MARC

LEADER 00000cam a2200000 7i4500
001 0000003337
002 000003601
005 20000330.0
020 |a 9838782262 
090 0 0 |a JR 363.7   |b HAR 
100 1 |a Hare, Tony 
245 1 0 |a Lapisan ozon   |c Tony Hare 
260 |a Johor Bahru :   |b Penerbit Pelangi ,   |c 1992 
300 |a 32 p. :   |b ill. ;   |c 29 cm. 
490 0 |a Siri Selamatkan Bumi Kita 
650 0 0 |a Ozone layer   |x Juvenile literature 
999 |a 029472   |b BUKU   |c RUJUKAN   |e PERPUSTAKAAN KOMUNITI CAW KOTA DAMANSARA